000 00592nam a2200181Ia 4500
008 100921s9999 xx 000 0 und d
082 _b36378
_a891.433 थ 77
100 _aयादव राजेंद्र.
245 _aपराजय.
260 _bहिंद पॉकेट बुक्स,दिल्ली.
_c1977
300 _a88
_b---
365 _b2
520 _aललित -हिंदी-कथा,कादं.
630 _aपराजय.
650 _aललित -हिंदी-कथा,कादं.
730 _aपराजय.
942 _cBOOK
999 _c785491
_d785488